书目信息 |
| 题名: |
液压与气动
|
|
| 作者: | 王新兰 主编 | |
| 分册: | ||
| 出版信息: | 北京 电子工业出版社 2003.01 |
|
| 页数: | 124页 | |
| 开本: | 26cm | |
| 丛书名: | ||
| 单 册: | ||
| 中图分类: | TH137 | |
| 科图分类: | ||
| 主题词: | 液压传动 | |
| 电子资源: | ||
| ISBN: | 7-5053-8126-1 | |
| 000 | 00590nam0 2200205 450 | |
| 001 | 0337557018 | |
| 005 | 20031224102556.78 | |
| 010 | @a7-5053-8126-1@dCNY12.00 | |
| 100 | @a20031224d2003 km y0chiy0120 ea | |
| 101 | 0 | @achi |
| 102 | @aCN@b110000 | |
| 200 | 1 | @a液压与气动@Aye ya yu qi dong@f王新兰主编@Fwang xin lan zhu bian |
| 210 | @a北京@c电子工业出版社@d2003.01 | |
| 215 | @a124页@d26cm | |
| 300 | @a中等职业学校电子信息类教材(机电技术专业) | |
| 606 | 0 | @a液压传动 |
| 690 | @aTH137@v4 | |
| 701 | 0 | @a王新兰@Awang xin lan@4主编 |
| 801 | 0 | @aCN@bPFT@c20031224 |
| 905 | @aBZT@dTH137@e1@f6 | |
| 液压与气动/王新兰主编.-北京:电子工业出版社,2003.01 |
| 124页;26cm |
| 中等职业学校电子信息类教材(机电技术专业) |
| ISBN 7-5053-8126-1:CNY12.00 |
| ● |
| 相关链接 |
|
|
|
正题名:液压与气动
索取号:TH137/1
 
预约/预借
| 序号 | 登录号 | 条形码 | 馆藏地/架位号 | 状态 | 备注 |
| 1 | 0349757 | 230077008 | 中心书库中库/ 中库030架A面7列3层8/ [索取号:TH137/1] | 在馆 | |
| 2 | 0349758 | 230077009 | 中心书库中库/ 中库030架A面7列3层11/ [索取号:TH137/1] | 在馆 | |
| 3 | 0349759 | 230077010 | 中心书库中库/ 中库030架A面7列3层7/ [索取号:TH137/1] | 在馆 | |
| 4 | 0349760 | 230077006 | 中心书库中库/ 中库030架A面7列3层9/ [索取号:TH137/1] | 在馆 | |
| 5 | 0349761 | 230077007 | 中心书库中库/ 中库030架A面7列3层10/ [索取号:TH137/1] | 在馆 | |
| 6 | 2001740532 | 2001740532 | 样本书库/样005架B面3层3列/ [索取号:TH137/1] | 在馆 |